000 00818nam a22002535i 4500
001 176451
003 ES-MaACL
005 20250829131835.0
008 110117s1967 sp |||| | spa d
080 _a2:37
080 _a27-14:27-23
100 1 _aBarbotin, E.
_9144782
245 1 3 _aLa mano de Dios /
_cpor E. Barbotin.
260 _aMadrid :
_bApostolado de la prensa,
_cimp. 1967.
300 _a16 p. ;
_c23 cm.
490 1 _aCuadernos de pedagogía religiosa. Escritura ;
_v8
650 4 _aReligión-
_xEnseñanza.
_9144779
650 0 4 _aDios-
_xConcepto bíblico.
_911902
710 0 _aApostolado de la Prensa.
_91403
830 0 0 _aCuadernos de pedagogía religiosa
_v8
_9190056
852 _aES-MaACL
_jE-14073 (8)
_xOlim P-1242
852 _aES-MaACL
_jC-37117(8)
999 _c176451
_d176451